000 00514nam a2200193Ia 4500
005 20250326141842.0
008 250326s9999 xx 000 0 und d
020 _a81-85072-32-9
037 _aTextbook
040 _aFMSL
_beng
_cFMSL
041 _aeng
_2eng
084 _aX:97 M8
_qFMSL
100 _aSingh S K
245 0 _aProductivity of industrial workers
_cSingh S K
260 _aAllahabad
_bAllahabad, Vohra
_c1988
300 _a188p
942 _cTB
_hX:97 M8
999 _c1292288
_d1292288